Almost Useless Movie Trivia V Quiz Stats

 Plays Quiz Updated May 10, 2015

Score 0/20 Timer 06:00
3 Plays Today
% Correct
Independence Day
95.1%
Pocahontas
94.8%
Slumdog Millionaire
94.7%
Gladiator
93.4%
Rocky
92.7%
The Green Mile
89.7%
Knocked Up
89.6%
Top Gun
89.4%
Footloose
89.3%
Interstellar
86.9%
% Correct
The Blind Side
86.2%
12 Angry Men
79.8%
Breakfast at Tiffany's
78.9%
Pan's Labyrinth
77.6%
To Kill a Mockingbird
77%
2001: A Space Odyssey
73.2%
Say Anything...
69.9%
The Help
66.5%
10 Things I Hate About You
66.3%
Thelma & Louise
42.4%

You're not logged in!

Compare scores with friends on all Sporcle quizzes.
OR
Log In

Sporcle TV

Today on Sporcle TV


Watch our educational content, quiz creation guides, and fun videos on Sporcle TV.

Show Comments

Extras

Top Quizzes Today


Score Distribution

Your Account Isn't Verified!

In order to create a playlist on Sporcle, you need to verify the email address you used during registration. Go to your Sporcle Settings to finish the process.

Report this User

Report this user for behavior that violates our Community Guidelines.

Details: